|
|
|
|
| LEADER |
00000nam a22000007a 4500 |
| 005 |
20210513234515.0 |
| 007 |
cr|||| |||| |
| 008 |
210513s2014 co |||||s|||| 00||0 spa d |
| 020 |
|
|
|a 978-958-762-166-2
|
| 035 |
|
|
|a 33385
|
| 040 |
|
|
|a vLex
|
| 090 |
|
|
|c 11657
|d 11657
|
| 100 |
1 |
|
|a Pallerola Comamala, Joan
|
| 245 |
1 |
0 |
|a Gestin̤ Financiera
|h [Recurso electrn̤ico] /
|c Joan Pallerola Comamala, Carles Carrasco Zj︢ar
|
| 256 |
|
|
|a Servicio en ln̕ea
|
| 260 |
|
|
|a Bogot:̀
|b Ediciones de la U,
|c 2014
|
| 300 |
|
|
|a 1 recurso electrn̤ico
|
| 500 |
|
|
|a Se ha desarrollado el control presupuestario de la empresa, sus necesidades financieras y las ayudas econm̤icas; se han clasificado y valorado los productos y servicios financieros; se ha aclarado una tipologa̕ de las operaciones de seguros y se ha realizado una seleccin̤ de inversiones en activos financieros. As ̕mismo, se incorporan test de conocimientos y ejercicios propuestos con la finalidad de comprobar que los objetivos de cada capt̕ulo se han asimilado correctamente. Adems̀, ren︢e los recursos necesarios para incrementar la didc̀tica del libro, tales como un glosario con los třminos necesarios, bibliografa̕ y documentos para ampliacin̤ de los conocimientos.
|
| 506 |
1 |
|
|a Disponible solo en los productos indicados
|d vLex Global
|d vLex Global (Academic Edition, excluding Law Schools)
|d vLex Global (U.S. Academic Edition, Law Schools)
|d vLex Global (U.S. Academic Edition, excluding Law Schools)
|d vLex Global (Academic Edition, Law Schools)
|
| 650 |
0 |
4 |
|a Financiero
|z Colombia
|
| 650 |
0 |
4 |
|a Contabilidad
|z Colombia
|
| 700 |
1 |
|
|a Carrasco Zj︢ar, Carles
|
| 740 |
0 |
|
|a vLex Libros (Servicio en ln̕ea)
|
| 856 |
4 |
0 |
|u https://vlex.com/source/gestion-financiera-33385
|z Acceso restringido
|
| 942 |
|
|
|c BOOK
|
| 999 |
0 |
|
|a Financial
|
| 999 |
0 |
|
|a Accounting
|